000 00494nam a22002177a 4500
003 Nust
005 20210923123116.0
008 170109b xxu||||| |||| 00| 0 eng d
020 _a9780074710432
038 _akhadija
040 _cC
082 _a604.2
_bBOU
100 _aBOUNDY
_982666
245 _aEngineering Drawing
250 _a6th ed.
260 _aNew York:
_bMcGraw-Hill;
_c2007.
300 _a320 p. ;
_b29 cm.
500 _apaperback.
563 _aPB
942 _cBK
_2ddc
999 _c31734
_d31734